000 00850cac a2200277 a 4500
003 Co-PeBPM
005 20251003152719.0
008 231129e1988||||ck a||||||||||||| ||spa||
020 _a8476347448
040 0 _aCo-PeBPM
_bspa
_cCo-PeBPM
_erda
041 _aspa
082 0 4 _a535.2 P912o
_222
100 1 _aPrat, Roland
_eautor
245 1 0 _aLa óptica
_c/ Roland Prat, traducción J. Godo Costa
260 _aBarcelona, España
_b: Orbis
_c, 1988
300 _a188 pàginas
_b: Ilustraciones a blanco y negro
_c; 20 centímetros
500 _aIncluye índice.
504 _aIncluye bibliografía.
650 1 4 _aÓptica
_2LEMB
650 1 4 _aLuz
_2LEMB
650 1 4 _aVisión
_2LEMB
650 1 4 _aEnfermedades
_2LEMB
700 _aCosta Godo, J
_eTraducción
942 _2ddc
_cBK
999 _c17818
_d17818